00402nam a2200169Ia 4500008004100000020001800041050001600059100001800075245003200093245002100125260001500146260001600161260000900177300001600186300002000202300001000222170918s9999 xx 000 0 und d a9780545385374 bB421fa 2010 aBehrens, Andy 4aThe fast and the furriest / cby Andy Behrens. aNew York : bScholastic, c2010 a247 pages : billustrations ; c19cm.